000
00246nam a22000857a 4500
008
161115b xxu||||| |||| 00| 0 eng d
100
_9
1206
_a
Oza. D. K
245
_a
Voluntary action and gandhian approach
260
_a
New delhi
_b
National book trust
_c
1997
999
_c
3897
_d
3897